000 00534nam a2200181Ia 4500
008 090123s9999 xx 000 0 und d
082 _b41351
100 _aनिफाडकर प्रदीप
245 _aगझलदीप
250 _a1
260 _bपारस पब्लिकेशन्स
_c2007
300 _a170
600 _aनिफाडकर प्रदीप
630 _aगझलदीप
700 _aनिफाडकर प्रदीप
730 _aगझलदीप
942 _cBOOK
999 _c79426
_d79426